000 01370nam a2200337 a 4500
999 _c326576
_d326576
003 BLK
005 20240827005349.0
008 181122b bu ||||| |||| 00| 0 bu d
020 _a9789543444434
040 _aBLK
041 _aDEU
_cDEU
080 _aНемски език (високонемски, стандартен писмен)
_b811.112.2
_z811.112.2(072)(075.9+086.76)
100 1 _aMikaela Petkova-Kessanlis
_eпърви автор
_91299
139 _aMikaela Petkova-Kessanlis
_bK 38
245 _aExakt für Dich B1.1
_bLehrerhandbuch
260 _9219518
_aСофия
_bКлет България
_c2017 г.
_fБулвест Принт АД
_n978-954-344-
300 _a156 с.
_bс цв. ил., табл.
_c29 см.
_e+ 2 оптични диска
380 _a80
500 _aТекст и на бълг. ез. Комплект с учебник, курсова тетр., работна тетр. с аудиодиск
650 0 _9243377
_aНемски език - учебници за курсове
653 0 _aнемски език
_9192028
653 7 _aнемски език
_9192028
700 _aMotta, Giorgio
_eсъавт.
_91445
852 _aЦб ІІ 23004
942 _cKNG
_n0
_01
944 _aCR
_c2018-11-22
_k
_lCRON CRON
999 _d326576
999 _d326571
999 _d326566
999 _d326564